|
|
|
|
| LEADER |
00000nas a2200000 4500 |
| 005 |
2012072502132.0 |
| 007 |
cr|||| |||| |
| 008 |
A10410c1994 sp tr p | s0 a0spa d |
| 022 |
|
|
|a 1134-6035
|
| 035 |
|
|
|a 6280
|
| 040 |
|
|
|a BUS
|d vLex
|
| 090 |
|
|
|c 3317
|d 3317
|
| 245 |
0 |
0 |
|a Gestin̤ y anl̀isis de polt̕icas pb︢licas.
|h [Recurso electrn̤ico]
|
| 256 |
|
|
|a Servicio en ln̕ea
|
| 260 |
|
|
|a Madrid
|b Instituto Nacional de Administracin̤ Pb︢lica,
|c 1994-
|
| 300 |
|
|
|a 1 recurso electrn̤ico
|
| 310 |
|
|
|a Cuatrimestral;Semestral(2009-)
|
| 362 |
0 |
|
|a n.1 (1994)-
|
| 506 |
1 |
|
|a Contenido solo disponible en los productos indicados
|d vLex Global
|d vLex Global (Academic Edition, excluding Law Schools)
|d vLex Global (U.S. Academic Edition, Law Schools)
|d vLex Global (U.S. Academic Edition, excluding Law Schools)
|d vLex Global (Academic Edition, Law Schools)
|
| 650 |
0 |
4 |
|a Administracin̤ pb︢lica
|x Gestin̤
|x Publicaciones perid̤icas.
|
| 710 |
2 |
|
|a Instituto Nacional de Administracin̤ Pb︢lica (Espaą)
|e editor literario.
|
| 740 |
0 |
|
|a vLex Libros (Servicio en ln̕ea)
|
| 856 |
4 |
0 |
|z Acceso restringido
|u http://vlex.com/source/gestion-analisis-politicas-publicas-nueva-epoca-gapp-6280
|
| 942 |
|
|
|c BOOK
|
| 999 |
0 |
|
|a Public administration
|